Ч. 2 : Приборы контроля силовых установок; Авиационные приборы и измерительные системы

Бібліографічні деталі
Parent link:Авиационные приборы и измерительные системы: учебное пособие/ Н. П. Буканов; Московский институт инженеров гражданской авиации. Ч. 2 : Приборы контроля силовых установок.— , 1977
Мова:Російська
Опубліковано: 1977
Предмети:
Формат: Книга
KOHA link:https://koha.lib.tpu.ru/cgi-bin/koha/opac-detail.pl?biblionumber=92846

MARC

LEADER 00000nam2a2200000 4500
001 92846
005 20231031104907.0
035 |a (RuTPU)RU\TPU\book\99452 
090 |a 92846 
100 |a 20060321d1977 m y0rusy50 ca 
101 0 |a rus 
102 |a RU 
105 |a a j 001zy 
200 0 |a Ч. 2 : Приборы контроля силовых установок 
210 |d 1977 
215 |a 64 с.  |c черт. 
320 |a Библиогр.: с. 63. 
461 1 |0 (RuTPU)RU\TPU\book\117220  |t Авиационные приборы и измерительные системы  |o учебное пособие  |f Н. П. Буканов  |g Московский институт инженеров гражданской авиации  |v Ч. 2 : Приборы контроля силовых установок  |d 1977 
610 1 |a авиация 
610 1 |a авиационные приборы 
610 1 |a измерительные системы 
610 1 |a учебные пособия 
610 1 |a приборы контроля 
801 1 |a RU  |b 63413507  |c 20060321  |g PSBO 
801 2 |a RU  |b 63413507  |c 20191111  |g PSBO 
942 |c BK